Random Geography Quiz #1 - Statistics

General Stats
  • This quiz has been taken 17 times
  • The average score is 9 of 20
Answer Stats
Hint Answer % Correct
True or False: Los Angeles, California, is east of Reno, Nevada. True
100%
Which continent spans all four hemispheres? Africa
94%
Which sea is so salty that people can float in it? Dead Sea
88%
What is the only major city that rests on two continents? Istanbul
88%
Which village in France has only one letter? Y
69%
Which country has the most ancient pyramids? Sudan
63%
What is the oldest continuously inhabited city in the world? Damascus
56%
Which country grows about 5 centimeters each year as a result of the North American and European tectonic plates growing wider apart? Iceland
50%
Which capital's official name is Krung Thep Mahanakhon Amon Rattanakosin Mahinthara Yuthaya Mahadilok Phop Noppharat Ratchathani Burirom Udomratchaniwet Mahasathan Amon Piman Awatan Sathit Sakkathattiya Witsanukam Prasit? Bangkok
44%
What is the tallest mountain in the world (below sea level)? Mauna Kea
44%
Which two countries both border fourteen other countries? Russia and China
44%
Which country has 840 languages? Papua New Guinea
38%
Which sea has no coasts? Sargasso Sea
19%
What is the least-visited country in the world, with only about 1,000 visitors a year? Tuvalu
19%
Which two islands that are 2.4 miles apart are 20 hours apart? Big Diomede and Little Diomede
6%
What is the deepest of the seven seas? Caribbean Sea
6%
What is the wettest place on Earth? Mawsynram Village
6%
What town in Nebraska has only one resident, Elsie Eiler? Monowi
6%
What is the longest cave in the world, located in Vietnam? Son Doong
6%
What is the world's shortest commercial flight, at 57 seconds long? Westray Island to Papa Westray Island
6%
No matching quizzes found
Score Distribution
Percent of People with Each Score
Percentile by Number Answered
Your Score History
You have not taken this quiz